Statistiques concernant Littérature commençant par la lettre W

Cliquez ici pour prendre le quiz!

Statistiques générales

  • Ce quiz a été pris 681 fois
  • Le résultat moyen est 12 sur 20

Statistiques - réponses

IndicesRéponses% Correct
Protagoniste masculin de A la croisée des mondes (prénom)Will
99%
Prénom de ShakespeareWilliam
98%
Ami de Porcinet, Bourriquet, Tigrou, Jean-Christophe,...Winnie l'ourson
91%
Acolyte et ami de Sherlock HolmesDr John Watson
89%
Famille dont font partie Ron, Ginny, Fred, George,...Weasley
83%
Plus grand chocolatier du monde selon Roal DahlWilly Wonka
83%
Auteur du Portrait de Dorian GrayOscar Wilde
76%
Sœur de Jean et Michel et amie de Peter Pan (prénom)Wendy Darling
76%
Auteur de livres d'horreur dont le nom est le même que la capitale de la Nouvelle-ZélandeDavid Wellington
75%
Héroïne de comics se battant avec un lassoWonder Woman
72%
Pianiste de Bianca Castafiore portant le même nom qu'un compositeur allemandIgor Wagner
58%
Royaume africain de la Panthère NoireWakanda
51%
Auteur de science fiction intéressé par Les FourmisBernard Werber
49%
Lieu où vont les âmes des guerriers tombés au combat dans la mythologie nordiqueWalhalla
45%
Adjoint du professeur Tournesol pour la construction de la fusée lunaireFrank Wolff
35%
Britannique auteure de Les Vagues, Orlando, Une Chambre à soi,...Virginia Woolf
31%
Frère de Jacob GrimmWilhelm Grimm
22%
Genre de prédilection de Louis L'Amour ou encore Zane GreyWestern
13%
Écrivain française auteure du Messager d'Athènes, du Pilleur de sarcophages,...Odile Weulersse
5%
Série policière pour enfant de Béatrice Nicodème du même nom que son protagonisteWiggins
2%

Distribution des résultats

Percentile par nombre de réponses

% des personnes avec chaque résultat

Votre développement - résultats

Vous n’avez pas pris ce quiz